Practical strategies for cataloging departments / Rebecca L. Lubas, editor.
Record details
- ISBN: 9781598844924
- Physical Description: xv, 117 páginas ; 26 cm.
- Publisher: Santa Barbara, California : Libraries Unlimited, [2011].
- Copyright: ©2011.
Content descriptions
| Bibliography, etc. Note: | Incluye bibiografía e índice. |
| Immediate Source of Acquisition Note: | IPICYT ; Compra ; 2014. |
| Language Note: | En inglés. |
Search for related items by subject
| Subject: | Catalogación. |
Search for related items by series
Available copies
- 1 of 1 copy available at IPICYT.
Holds
- 0 current holds with 1 total copy.
Show Only Available Copies
| Location | Call Number / Copy Notes | Barcode | Shelving Location | Status | Due Date |
|---|---|---|---|---|---|
| Biblioteca Ipicyt | Z693P7 L8 2011 | LCI00883 | Coleccion General | Available | - |
| LDR | 00620nam a2200205zi 4500 | ||
|---|---|---|---|
| 001 | 42950 | ||
| 003 | CONS | ||
| 005 | 20150319182357.0 | ||
| 007 | ta | ||
| 008 | 150319s 2011cau fr #001 0#eng d | ||
| 020 | . | ‡a9781598844924 | |
| 040 | . | ‡bspa ‡erda | |
| 041 | 0 | . | ‡aeng |
| 050 | 0 | 0. | ‡aZ693 ‡bP7 L8 2011 |
| 245 | 0 | 0. | ‡aPractical strategies for cataloging departments / ‡cRebecca L. Lubas, editor. |
| 264 | 1. | ‡aSanta Barbara, California : ‡bLibraries Unlimited, ‡c[2011]. | |
| 264 | 4. | ‡c©2011. | |
| 300 | . | ‡axv, 117 páginas ; ‡c26 cm. | |
| 336 | . | ‡atexto ‡btxt ‡2rdacontent | |
| 337 | . | ‡asin medio ‡bn ‡2rdamedia | |
| 338 | . | ‡avolumen ‡bnc ‡2rdacarrier | |
| 490 | 0 | . | ‡aThird millennium cataloging. |
| 504 | . | ‡aIncluye bibiografía e índice. | |
| 541 | 0 | . | ‡fIPICYT ; ‡cCompra ; ‡d2014. |
| 546 | . | ‡aEn inglés. | |
| 650 | 0. | ‡aCatalogación. | |
| 700 | 1 | . | ‡aLubas, Rebecca L., ‡4edt |
| 901 | . | ‡a42950 ‡b ‡c42950 ‡tbiblio ‡sSystem Local | |